Top 20 des villes les plus peuplées de Californie - Statistiques

Statistiques générales
  • Ce quiz a été pris 84 fois
  • Le résultat moyen est 8 sur 20
Statistiques - réponses
Population Villes % Correct
3 884 307 Los Angeles
100%
837 442 San Francisco
94%
1 355 896 San Diego
90%
479 686 Sacramento
75%
998 537 San José
65%
334 227 Santa Ana
64%
406 253 Oakland
48%
345 012 Anaheim
31%
509 924 Fresno
31%
469 428 Long Beach
30%
213 708 San Bernardino
25%
363 630 Bakersfield
23%
298 118 Stockton
19%
316 619 Riverside
18%
224 922 Fremont
12%
204 933 Modesto
12%
236 716 Irvine
10%
256 780 Chula Vista
9%
203 007 Oxnard
5%
203 003 Fontana
0%
Aucun quiz correspondant
Distribution des résultats
% des personnes avec chaque résultat
Percentile par nombre de réponses
Votre historique - résultats
Vous n’avez pas pris ce quiz